<?xml version="1.0" encoding="UTF-8"?>
<collection xmlns="http://www.loc.gov/MARC21/slim">
<record>
  <controlfield tag="001">1910</controlfield>
  <controlfield tag="005">20160701171655.0</controlfield>
  <datafield tag="024" ind1="7" ind2=" ">
    <subfield code="a">10.1016/0273-1177(91)90479-4</subfield>
    <subfield code="2">DOI</subfield>
  </datafield>
  <datafield tag="037" ind1=" " ind2=" ">
    <subfield code="a">ASTROimport-67</subfield>
  </datafield>
  <datafield tag="100" ind1=" " ind2=" ">
    <subfield code="a">Lampens, P.</subfield>
  </datafield>
  <datafield tag="260" ind1=" " ind2=" ">
    <subfield code="c">1991</subfield>
  </datafield>
  <datafield tag="245" ind1=" " ind2=" ">
    <subfield code="a">Double star CCD astrometry and photometry</subfield>
  </datafield>
  <datafield tag="520" ind1=" " ind2=" ">
    <subfield code="a">About 3000 CCD measurements of double stars have been made in one or both filters V and R on the 1-m Jacobus Kapteyn Telescope at La Palma. The stars form part of the Input Catalogue of the astrometric satellite HIPPARCOS, and require both astrometry and photometry in order to facilitate reduction of the HIPPARCOS measurements. The primary components of the binaries have visual magnitudes between 8 and 12 mag, and the apparent separations between components range from 0.5 to 30 arcsec. The difference in the separation obtained with the two filters is discussed and illustrated for 2100 systems: the dependence upon separation and magnitude difference between components is clearly and quantitatively shown. </subfield>
  </datafield>
  <datafield tag="700" ind1=" " ind2=" ">
    <subfield code="a"> Argue, A. N.</subfield>
  </datafield>
  <datafield tag="700" ind1=" " ind2=" ">
    <subfield code="a"> Irwin, M. J.</subfield>
  </datafield>
  <datafield tag="773" ind1=" " ind2=" ">
    <subfield code="p">Advances in Space Research</subfield>
    <subfield code="v">11</subfield>
    <subfield code="y">1991</subfield>
    <subfield code="c">119-122</subfield>
  </datafield>
  <datafield tag="856" ind1="4" ind2="2">
    <subfield code="a">http://esoads.eso.org/abs/1991AdSpR..11..119L</subfield>
  </datafield>
  <datafield tag="905" ind1=" " ind2=" ">
    <subfield code="a">published in</subfield>
  </datafield>
  <datafield tag="980" ind1=" " ind2=" ">
    <subfield code="a">REFERD</subfield>
  </datafield>
</record>
</collection>